000
00325nam a2200109Ia 4500
008
171211s9999 xx 000 0 und d
245
_a
Software Testing 2020: Preparing for New Roles
245
_c
Mukesh Sharma
260
_c
2016
650
_x
INFORMATION TECHNOLOGIES
856
_u
http://down.ebook777.com/064/1498788874.pdf
999
_c
349684
_d
349684